Statistics for Jump Between Capital Cities of Island and Landlocked Countries: start in Tokyo

Click here to take the quiz!

General Stats

  • This quiz has been taken 143 times
  • The average score is 47 of 91

Answer Stats

D (km) Capital City% Correct
3,014Ulaanbaatar
99%
2,845 Taipei
96%
2,109Vientiane
88%
1,849 Singapore
86%
3,269Thimphu
82%
2,370Kathmandu
80%
2,497 Colombo (Sri...)
80%
2,889 Male
79%
3,390Kabul
76%
2,005 Manama
74%
2,253 Nicosia
74%
952 Dublin
72%
1,433 London
72%
2,662 Valletta
72%
1,206Bern
71%
490Luxembourg
71%
689Vatican City
71%
1,493Ashgabat
68%
2,617 Reykjavik
68%
1,566 Antananarivo
67%
2,793 Port Louis
67%
5,183 Praia
67%
2,120 Sao Tome
67%
3,531 Victoria
67%
1,745Harare
66%
1,128Yerevan
66%
3,261 Moroni
66%
2,389Addis Ababa
64%
1,695Bamako
64%
1,388Bangui
64%
1,057Lilongwe
64%
2,777Mbabane
64%
7,740 Jakarta
63%
5,410Bishkek
62%
2,641Prague
62%
6,323Dushanbe
61%
6,064Tashkent
61%
5,742 Manila
61%
5,780 Bandar Seri Begawan
59%
7,508Astana
55%
8,401 Dili
55%
7,414 Melekeok
54%
4,001Asuncion
51%
4,016Sucre (La Paz)
51%
9,429Baku
50%
3,310 Port-of-Spain
50%
4,156 Saint George's
50%
6,537Ouagadougou
49%
6,803 Castries
49%
6,629 Basseterre
47%
6,293 Bridgetown
47%
6,668Niamey
46%
10,526 Saint John's
45%
6,725Andorra la Vella
43%
7,556San Marino
43%
7,282Vaduz
43%
8,012Vienna
43%
7,701 Kingstown
43%
7,336 Roseau
43%
9,335 Havana
42%
9,174 Kingston
42%
8,290 Nassau
42%
8,232 Santo Domingo
42%
8,451Budapest
41%
8,287Bratislava
39%
9,302Pristina
39%
8,612 Port-au-Prince
39%
8,794Belgrade
37%
12,233Chisinau
34%
9,176Minsk
34%
11,847 Palikir
33%
15,910 Suva
30%
1,148 Apia
29%
11,496 Wellington
29%
18,254 Funafuti
28%
13,770 Honiara
28%
13,775 Majuro
28%
12,906 Port Moresby
28%
14,307 Port-Vila
28%
15,881Bujumbura
26%
14,819Kampala
26%
15,910Kigali
26%
12,271Maseru
26%
16,206 Nuku'alofa
26%
14,955 Yaren
26%
15,377Juba
25%
12,032Gaborone
24%
18,540N'Djamena
24%
14,268Skopje
24%
15,689 Tarawa
24%
14,033Lusaka
21%

Score Distribution

Percentile by Number Answered

Percent of People with Each Score

Your Score History

You have not taken this quiz